<?xml version="1.0" encoding="UTF-8"?>
<marc:record xmlns:marc="http://www.loc.gov/MARC21/slim">
   <marc:leader>00000nam a2200000 a 4500</marc:leader>
   <marc:datafield ind1="1" ind2=" " tag="100">
      <marc:subfield code="a">Fischer, Elisabeth</marc:subfield>
      <marc:subfield code="4">aut</marc:subfield>
      <marc:subfield code="e">Verfasser/-in</marc:subfield>
   </marc:datafield>
   <marc:datafield ind1=" " ind2=" " tag="653">
      <marc:subfield code="a">Ernährung</marc:subfield>
   </marc:datafield>
   <marc:datafield ind1=" " ind2=" " tag="653">
      <marc:subfield code="a">80 % Basen</marc:subfield>
   </marc:datafield>
   <marc:datafield ind1="0" ind2="0" tag="245">
      <marc:subfield code="a">100 Rezepte für die Säure-Basen-Balance</marc:subfield>
   </marc:datafield>
   <marc:datafield ind1="0" ind2="0" tag="245">
      <marc:subfield code="b">festes Bindegewebe, mehr Energie, schlanke Figur ; mit 2-Wochen-Kur</marc:subfield>
   </marc:datafield>
   <marc:datafield ind1="0" ind2="0" tag="245">
      <marc:subfield code="c">Elisabeth Fischer</marc:subfield>
   </marc:datafield>
   <marc:datafield ind1=" " ind2="1" tag="264">
      <marc:subfield code="a">Wien</marc:subfield>
      <marc:subfield code="b">Kneipp-Verl.</marc:subfield>
      <marc:subfield code="c">2018</marc:subfield>
   </marc:datafield>
   <marc:datafield ind1="1" ind2=" " tag="520">
      <marc:subfield code="a">Quelle: bn.bibliotheksnachrichten (http://www.biblio.at/literatur/bn/index.html); &lt;br/&gt;Autor: Maria Dorrer; &lt;br/&gt;Rezepte gegen Übersäuerung mit einer 2-Wochen-Kur. (VL)&lt;br/&gt;Immer mehr Menschen leiden an Übersäuerung durch einseitige Ernährung, zu viel Alkohol, Kaffee, Fast Food, Süßigkeiten, Stress und zu wenig Bewegung. Durch eine latente Übersäuerung werden die knochenabbauenden Zellen aktiviert, Mineralstoffe gelöst und vor allem wird den Knochen Kalzium entzogen. Bei einem längeren Abbauprozess kann es zu Osteoporose, Cellulitis (hier erschlafft das Bindegewebe), einer verstärkten Faltenbildung oder zu Schmerzen im Kniegelenk und im Bereich der Bandscheiben kommen. Mit einem gezielten Ernährungsprogramm kann der Organismus wieder in eine basische Balance kommen. Gemüse, Früchte, Kräuter und Kartoffeln sind Toplieferanten für basenbildende Mineralstoffe, während Fleisch, Fisch, Milch und Weißmehlprodukte stark säurebildend wirken. Als Start wird eine zweiwöchige Basendiät mit 900 Kalorien am Tag vorgeschlagen.&lt;br/&gt;Ca. 100 Rezepte findet man für das Frühstück und zwei Hauptmahlzeiten am Tag. Bei den Rezepten gibt es eine übersichtliche Zutatenliste, eine Schritt-für-Schritt-Anleitung für die Zubereitung, die kcal/pro Person sowie Angaben von Fett, Eiweiß, Kohlehydraten und dem Cholesteringehalt.&lt;br/&gt;Die vielen Fotos und interessanten Rezepte - z.B. Rote-Beete-Suppe mit Cranberrys, Pilztopf mit Paprika und Fenchel, Gumbo-kreolischer Schmortopf oder Mango-Vanille-Kokoscreme mit Beeren - verlocken zum Nachkochen. Für Bibliotheken sehr gut geeignet.</marc:subfield>
   </marc:datafield>
   <marc:datafield ind1=" " ind2=" " tag="020">
      <marc:subfield code="a">9783708807270</marc:subfield>
      <marc:subfield code="9">9783708807270</marc:subfield>
   </marc:datafield>
   <marc:datafield ind1=" " ind2=" " tag="041">
      <marc:subfield code="a">ger</marc:subfield>
   </marc:datafield>
   <marc:datafield ind1=" " ind2=" " tag="300">
      <marc:subfield code="b">Ill. (farb.)</marc:subfield>
   </marc:datafield>
   <marc:datafield ind1="1" ind2=" " tag="521">
      <marc:subfield code="a">0</marc:subfield>
   </marc:datafield>
   <marc:datafield ind1=" " ind2=" " tag="300">
      <marc:subfield code="a">129 S.</marc:subfield>
   </marc:datafield>
</marc:record>
